Международна система единици - Statistics

General Stats
  • This quiz has been taken 91 times
  • The average score is 14 of 28
Answer Stats
State % Correct
метър
98%
килограм
97%
ват
93%
секунда
86%
ампер
84%
ом
81%
херц
79%
нютон
71%
волт
64%
джаул
62%
мол
59%
паскал
57%
келвин
53%
кулон
43%
фарад
40%
лумен
40%
радиан
36%
лукс
31%
тесла
28%
кандела
24%
бекерел
24%
стерадиан
22%
сименс
17%
хенри
16%
сиверт
16%
катал
16%
грей
14%
вебер
10%
No matching quizzes found
Score Distribution
Percent of People with Each Score
Percentile by Number Answered
Your Score History
You have not taken this quiz